|
|
|
|
| LEADER |
00000nam a2200000 4500 |
| 001 |
vtls012273104 |
| 003 |
SK-MaSNL |
| 005 |
20260301232121.0 |
| 008 |
250311s1721 ne a f 000 0 fre |
| 015 |
|
|
|a SNBHFA
|
| 040 |
|
|
|a SNKHF
|b slo
|c SNKHF
|e rda
|
| 041 |
0 |
|
|a fre
|
| 043 |
|
|
|a e-fr---
|
| 044 |
|
|
|a ne
|c NL
|
| 072 |
|
7 |
|a 005.91:82-6
|x Úradná korešpondencia
|2 konspekt
|
| 080 |
|
|
|a (44)
|2 2011
|
| 080 |
|
|
|a 177
|2 2011
|
| 080 |
|
|
|a 316.3
|2 2011
|
| 080 |
|
|
|a 17.02
|2 2011
|
| 080 |
|
|
|a 343.542
|2 2011
|
| 100 |
1 |
|
|a Bussy-Rabutin, Roger de
|d 1618-1693
|4 aut
|9 447584
|
| 245 |
1 |
4 |
|a Les Memoires
|n TomeTroisieme
|c De Messire Roger De Rabutin Comte De Bussy, Lieutenant General Des Armées Du Roi, Et Mestre De Camp General De La Cavalerie Legere
|
| 264 |
|
3 |
|a A Amsterdam
|b Aux dépens de la Compagnie
|c MDCCXXI [=1721]
|
| 300 |
|
|
|a 1 nečíslovaný list, 367 strán, 1 nečíslovaný list
|b ilustrácia
|c 8°
|c 16 x 10 cm
|
| 336 |
|
|
|a text
|b txt
|2 rdacontent
|
| 337 |
|
|
|a bez média
|b n
|2 rdamedia
|
| 338 |
|
|
|a zväzok
|b nc
|2 rdacarrier
|
| 500 |
|
|
|a Signet, vinety, vlysy, iniciálka s ornamentálnym pozadím vo voľnom priestore na 5 riadkov, iniciálky na 2 riadky, ilustrácia na titulnom liste
|
| 501 |
|
|
|a Príväzok 1. k: BUSSY-RABUTIN, Roger de. Les Memoires. Tome Second. A Amsterdam: Aux dépens de la Compagnie, 1721. 8°.
|5 SNK ID 103813
|
| 504 |
|
|
|a MaKustody
|
| 510 |
4 |
|
|a OCLC 833760180
|
| 546 |
|
|
|a Francúzština
|b Antikva
|b Kurzíva
|
| 650 |
0 |
7 |
|a politické elity
|2 SNKPH
|9 4876
|
| 650 |
0 |
7 |
|a spoločnosť
|2 SVKPH
|9 1013
|
| 650 |
0 |
7 |
|a korešpondencia
|2 SVKPH
|9 645
|
| 650 |
0 |
7 |
|a aféry
|2 SVKPH
|9 4567
|
| 651 |
|
7 |
|a Francúzsko
|2 SVKPH
|9 15907
|
| 710 |
2 |
|
|a Aux dépens de la Compagnie (Amsterdam, Holandsko),
|d 1685-1780
|4 prt
|9 373230
|
| 752 |
|
|
|a Holandsko
|d Amsterdam
|
| 852 |
|
|
|a snk
|b Zaiova knižnica
|p ID 103813/prív.1
|
| 958 |
|
|
|a DD
|
| 958 |
|
|
|a ONDV
|
| 999 |
|
|
|c 960485
|d 962415
|
| 952 |
|
|
|t Zay 4477; Z 4898
|a SNK
|b SNK
|c SNK_HF
|y PREZ
|7 0
|p 17A1489243
|o snkID 103813/prív.1
|i snk2025/4421
|8 5
|0 0
|1 0
|4 0
|d 2025-03-11
|l 0
|r 2026-02-24 10:17:22
|w 2026-02-24
|